00371 2200157 4500001002100000005001500021035002000036245003300056100001400089300002600103260002800129082000800157084001400165020002200179990001200201INLIS00000000000312120251022013604 a0010-10250000251 aA Gift For Love /cPark Nami0 aPark Nami a180 hlm ;c13 x 19 cm aJakarta :bZettu,c2012 a813 a813 PAR a a978-602-19829-8-3 a0755908